000 01919cab a2200289 ab4500
005 20260307211525.0
008 991125c2018 mx tr p o 000 0 spa d
035 _aUPN01000234775
040 _aMX-MxUPN
_bspa
_cMX-MxUPN
_eaacr2
049 _aART-E
003
100 1 _aPiergiovanni, Lucia Florencia
100 1 _aDomingo Depaula, Pablo
245 1 0 _aEstudio descriptivo de la autoeficacia y las estrategias de afrontamiento al estrés en estudiantes universitarios argentinos
_h[recurso electrónico en línea]
506 0 _aAcceso abierto
520 3 _aEste trabajo analiza las relaciones entre autoeficacia y estrategias de afrontamiento al estrés utilizadas por estudiantes universitarios argentinos para enfrentar demandas académicas tanto internas como externas. Se seleccionó una muestra de 126 estudiantes de grado de una licenciatura en Psicología, a quienes se les administraron un cuestionario sociodemográfico, la Escala de Autoeficacia General y el Cuestionario de Estrategias de Afrontamiento al Estrés. Los resultados indican que los varones son más autoeficaces que las mujeres y que ellas se diferencian por afrontar el estrés buscando apoyo social. Quienes preparan sus exámenes formando grupos de estudio también son más autoeficaces. Los sujetos de 29 a 58 años de edad tienden a poseer mayores niveles de autoeficacia, recurriendo a la religión para afrontar el estrés, mientras que los de 18 a 22 años recurren a la expresión emocional abierta. RMIE
653 0 _aEstrés
653 0 _aEstrategias de afrontamiento
653 0 _aGénero
653 0 _aReligión
653 0 _aEstudiantes universitarios
773 _gVol. 23, no. 77, (2018), p. 413-432
_tRevista mexicana de investigación educativa
_x1405-6666
856 4 _uhttps://ojs.rmie.mx/index.php/rmie/article/view/370
902 _aLorena Izquierdo/300625
905 _aArticulo
942 _cART-E
999 _c206870
_d206870